| 000 | 00364nam a2200133Ia 4500 | ||
|---|---|---|---|
| 008 | 220204s9999 xx 000 0 und d | ||
| 082 |
_a662.613.5 _bBOU |
||
| 100 | _aBou Nicore, Anthony J | ||
| 245 | 0 | _aIndustrial control equipment for gaseous pollutants | |
| 260 |
_aOhio _bCRC _c1975 |
||
| 650 | _aGaseous pollutants | ||
| 700 | _aTheodore, Louis | ||
| 942 | _cBK | ||
| 999 |
_c31237 _d31237 |
||